[Event "23rd European Women Club Cup 2018"]
[Site "Halkidiki"]
[Date "2018.10.13"]
[Round "2"]
[White "Ovod, Evgenija"]
[Black "De Rosa, Mariagrazia"]
[Result "1-0"]
[WhiteElo "2363"]
[BlackElo "2131"]
[Annotator "TA"]
[PlyCount "53"]
[EventDate "2018.10.12"]
[EventType "team-tourn"]
[EventCountry "GRE"]
[SourceTitle "playchess.com"]
[Source "ChessBase"]
[SourceQuality "1"]
[WhiteTeam "SSHOR"]
[BlackTeam "Banca Alpi Marittime"]

{[%evp 19,53,0,0,0,0,0,0,0,0,0,35,0,2,0,0,0,0,8,66,28,394,377,454,457,454,454,432,436,510,507,510,510,1564,1564,1494,1475]} 1. e4 c5 2. Nf3 d6 3. d4 cxd4 4. Nxd4 Nf6 5. Nc3 a6 6. f3 e6 {[%cal Be7e6,Be6e5][%mdl 32]} 7. Be3 b5 {[%cal Bb7b5,Bb5b4][%mdl 32]} 8. a4 {B80: Sicilian Scheveningen: 6 g3 and 6 Be3, including English Attack} (8. Qd2 Bb7 9. g4 Nfd7 10. O-O-O Nb6 11. Nb3 N8d7 12. Na5 Rb8 13. Bd4 Ba8 14. h4 Qc7 15. g5 b4 16. Nb1 e5 17. Bxb6 Rxb6 18. Nc4 Rc6 19. Ne3 {1-0 (70) Aronian,L (2767)-Nakamura,H (2777) Saint Louis 2018}) 8... b4 9. Na2 e5 10. Nb3 d5 {LiveBook: 7 Games} 11. exd5 Nxd5 12. Bf2 Be6 13. Bc4 Nc6 14. O-O Nf4 $146 ({Predecessor:} 14... Ne3 15. Qxd8+ Rxd8 16. Bxe6 Nxf1 {½-½ (27) Macs,O (2158)-Graudins,I (2418) ICCF email 2011}) 15. Bxe6 Nxe6 16. Qe2 Be7 17. c3 {[%cal Bc2c3,Bc3b4][%mdl 32]} O-O 18. Qe4 $36 {[%mdl 2048] White has some pressure.} Qc7 ({Black should play} 18... bxc3 $1 $11 19. Qxc6 cxb2) 19. cxb4 {And now Rfc1 would win.} Rab8 $2 {[%mdl 8192]} (19... Ncd4 $11 20. Rac1 (20. Nxd4 exd4 21. Nc1 Bxb4 $11) 20... Qd6 21. Nxd4 exd4) 20. Rac1 Rfc8 {[#]} 21. Na5 $1 {[%mdl 512] White is clearly winning.} Ned8 (21... Nxa5 22. Rxc7) 22. Rfd1 Bd6 23. Qd5 Bxb4 24. Nxc6 Nxc6 25. Nxb4 Rxb4 {[#]} (25... Nxb4 $142 26. Rxc7 Nxd5 27. Rxc8+ Rxc8 28. Rxd5 Rc1+ 29. Be1 f6) 26. Rxc6 $1 $18 {[%mdl 512]} Qxc6 27. Qxc6 {Precision: White = 70%, Black = 33%.} 1-0

[Event "23rd European Women Club Cup 2018"]
[Site "Halkidiki"]
[Date "2018.10.13"]
[Round "2"]
[White "Mamedjarova, Zeinab"]
[Black "Cramling, Pia"]
[Result "0-1"]
[WhiteElo "2358"]
[BlackElo "2465"]
[Annotator "TA"]
[PlyCount "96"]
[EventDate "2018.10.12"]
[EventType "team-tourn"]
[EventCountry "GRE"]
[SourceTitle "playchess.com"]
[Source "ChessBase"]
[SourceQuality "1"]
[WhiteTeam "Odlar Yurdu"]
[BlackTeam "Monte-Carlo"]

{[%evp 13,96,13,13,32,10,7,15,-1,22,5,55,-18,-4,-11,-11,-13,32,18,33,26,29,16,41,0,20,17,191,22,20,28,22,6,6,15,30,7,42,12,40,0,0,0,0,0,0,-71,-57,-37,-43,-38,-17,-80,0,-68,-46,-85,-84,-74,-70,-113,-93,-84,-74,-97,-75,-60,-69,-69,-22,-190,-194,-232,-220,-221,-183,-440,-422,-784,-847,-29992,-1857,-29993,-29994,-29998,-29999]} 1. d4 d5 2. e3 Nf6 3. Nf3 g6 4. c4 Bg7 5. Nc3 O-O 6. Be2 b6 7. O-O Bb7 8. Qc2 {D94: Grünfeld: 4 Nf3 Bg7 5 e3} e6 9. Rd1 (9. cxd5 Nxd5 10. Nxd5 exd5 11. b4 Nd7 12. a4 a5 13. b5 {0-1 (54) Dominguez Perez,L (2739)-Vachier Lagrave,M (2779) chess.com INT 2018}) 9... Nbd7 10. b3 {The position is equal.} c6 11. a4 a6 12. e4 $146 (12. a5 $14) ({Predecessor:} 12. Ba3 Re8 13. Rac1 Rc8 14. e4 Bh6 15. e5 Nh5 16. Rb1 Nf4 {1-0 (81) Benidze,D (2475)-Bayram,Y (2236) Izmir 2016}) 12... Nxe4 $11 13. Nxe4 dxe4 14. Qxe4 Re8 15. Ra2 Qc8 16. Qh4 c5 17. Bh6 Nf6 18. dxc5 bxc5 19. Rad2 Rb8 $2 (19... Bxh6 $11 20. Qxh6 Qc7) 20. Bf4 $2 (20. Ne5 $1 $18) 20... Bxf3 21. Bxf3 e5 $1 {[%cal Re5f4]} 22. Bg5 e4 23. Be2 Rb6 24. Qf4 Rbe6 25. h3 h5 (25... e3 $5 26. fxe3 h6 27. Bxf6 (27. Bxh6 Re4 $14) 27... Rxf6 $14) 26. Rd6 Nh7 {White must now prevent ...Rxd6.} 27. Rd8 Qc6 28. Bh4 {And now R1d7 would win.} Be5 29. Qc1 (29. Qd2 $11 {remains equal.}) 29... Rxd8 $17 30. Rxd8+ Kg7 31. Rd5 $1 Nf6 32. Rd1 (32. Bxf6+ $1 $11 Bxf6 33. Qe3) 32... Nh7 (32... Qb6 $17) 33. Kh1 (33. Rd5 $11) 33... Bd4 $15 34. Bg3 Qb7 35. Qc2 Nf8 36. Rf1 Rb6 37. Bd1 Qe7 38. Re1 Re6 39. Bf4 f5 {[%cal Bf7f5,Bf5f4][%mdl 32]} 40. Qd2 Nh7 41. g4 $2 (41. b4 $11 {and White stays safe.}) 41... hxg4 $19 42. hxg4 {[#]} g5 $1 {[%cal Rg5f4]} 43. Be3 Bxe3 44. fxe3 $2 {[#]} (44. Qxe3 f4 45. Qc3+ Nf6 46. Bc2) 44... f4 $1 {[%mdl 512]} 45. Bc2 (45. Qb2+ $142 Kg8 46. Qg2) (45. exf4 gxf4) 45... f3 46. Qd5 Rh6+ 47. Kg1 Qc7 48. Qxe4 Qg3+ {Precision: White = 31%, Black = 57%.} 0-1

[Event "23rd European Women Club Cup 2018"]
[Site "Halkidiki"]
[Date "2018.10.13"]
[Round "2"]
[White "Mammadova, Gulnar"]
[Black "Cornette, Deimante"]
[Result "1/2-1/2"]
[WhiteElo "2355"]
[BlackElo "2462"]
[Annotator "TA"]
[PlyCount "61"]
[EventDate "2018.10.12"]
[EventType "team-tourn"]
[EventCountry "GRE"]
[SourceTitle "playchess.com"]
[Source "ChessBase"]
[SourceQuality "1"]
[WhiteTeam "Odlar Yurdu"]
[BlackTeam "Monte-Carlo"]

{[%evp 15,61,19,12,0,0,0,0,0,0,0,8,-13,10,5,5,5,5,20,0,0,0,0,16,19,12,13,25,31,25,7,17,14,30,14,30,8,20,12,15,0,9,0,0,0,0,0,0,0]} 1. e4 c5 2. Nf3 Nc6 3. Bb5 e6 4. O-O Nge7 {[%cal Bg8e7,Be7c6,Bc6d4][%mdl 32]} 5. Re1 Nd4 6. Nxd4 cxd4 7. c3 a6 8. Bf1 {B30: Sicilian: 2...Nc6 3 Bb5, lines without ...g6} Nc6 {LiveBook: 43 Games} 9. cxd4 (9. a4 Bc5 10. b4 Bb6 11. Na3 O-O 12. Nc4 Bc7 13. cxd4 d5 14. exd5 Qxd5 15. Ba3 Nxd4 {½-½ (56) Ragger,M (2657)-Fedorov,A (2573) Katowice 2017}) 9... Nxd4 10. Nc3 Bc5 11. d3 d6 $146 ({Predecessor:} 11... O-O 12. Be3 e5 13. Rc1 d6 14. Ne2 Qb6 15. Bxd4 Bxd4 16. Nxd4 Qxd4 {½-½ (42) Plenca,J (2440)-Ponizil,C (2480) Balatonszarszo 2017}) 12. Be3 {[#] Bxd4 is the strong threat.} e5 13. Ne2 Nxe2+ 14. Rxe2 Bg4 15. f3 Bxe3+ 16. Rxe3 Qb6 17. Qd2 Be6 18. d4 Qxd4 19. Qxd4 exd4 20. Rd3 Rc8 21. Rxd4 Ke7 22. Bd3 Rhd8 23. Kf2 f6 24. h4 h6 25. a3 Rc6 {The position is equal.} 26. Rd1 Rb6 27. Rd2 Rc8 28. Be2 Rc1 29. f4 Rb1 30. b4 Rb3 31. R4d3 {Precision: White = 49%, Black = 58%.} 1/2-1/2

[Event "23rd European Women Club Cup 2018"]
[Site "Halkidiki"]
[Date "2018.10.13"]
[Round "2"]
[White "Balaian, Alina"]
[Black "Guerini, Silvia jr"]
[Result "1-0"]
[WhiteElo "2238"]
[BlackElo "1977"]
[Annotator "NA"]
[PlyCount "57"]
[EventDate "2018.10.12"]
[EventType "team-tourn"]
[EventCountry "GRE"]
[SourceTitle "playchess.com"]
[Source "ChessBase"]
[SourceQuality "1"]
[WhiteTeam "SSHOR"]
[BlackTeam "Banca Alpi Marittime"]
[TimeControl "40/5400+30:1800+30"]

1. e4 {[%emt 0:00:00]} c5 {[%emt 0:00:00]} 2. Nf3 {[%emt 0:00:00]} e6 {[%emt 0:00:00]} 3. d4 {[%emt 0:00:00]} cxd4 {[%emt 0:00:00]} 4. Nxd4 {[%emt 0:00:00]} Nf6 {[%emt 0:00:30]} 5. Nc3 {[%emt 0:00:00]} d6 {[%emt 0:00:16]} 6. g4 {[%emt 0:00:15]} h6 {[%emt 0:00:12]} 7. Be3 {[%emt 0:01:47]} Nc6 {[%emt 0:04:31]} 8. h3 {[%emt 0:00:15]} a6 {[%emt 0:00:50]} 9. Bg2 {[%emt 0:00:19]} Qc7 {[%emt 0:03:42]} 10. Qe2 {[%emt 0:01:38]} Be7 {[%emt 0:03:54]} 11. f4 {[%emt 0:04:42]} Na5 {[%emt 0:03:38]} 12. Rd1 {[%emt 0:01:33]} Nc4 {[%emt 0:06:39]} 13. Bc1 {[%emt 0:00:10]} Bd7 $14 {[%emt 0:07:40]} (13... g5 $5 {[%cal Rg5f4]}) 14. O-O {[%emt 0:01:21]} Nh7 {[%emt 0:14:40]} 15. b3 {[%emt 0:05:47]} Na5 {[%emt 0:03:12]} 16. Bb2 {[%emt 0:05:25]} Nc6 {[%emt 0:02:00]} 17. Qe3 {[%emt 0:10:12]} Nf6 {[%emt 0:18:27]} 18. Nce2 {[%emt 0:02:25]} Rg8 {[%emt 0:04:32]} 19. c4 {[%emt 0:00:49]} Nxd4 {[%emt 0:02:41]} 20. Nxd4 {[%emt 0:04:12]} Bc6 {[%emt 0:02:43]} 21. g5 {[%emt 0:04:17]} Nd7 {[%emt 0:01:39]} 22. g6 {[%emt 0:00:21]} Nf8 {[%emt 0:05:59]} 23. gxf7+ {[%emt 0:00:41]} Kxf7 {[%emt 0:00:06]} 24. Nxc6 {[%emt 0:04:52]} bxc6 {[%emt 0:00:22]} 25. e5 {[%emt 0:00:41]} d5 {[%emt 0:06:03]} 26. f5 {[%emt 0:02:10]} Rd8 {[%emt 0:02:26]} 27. fxe6+ {[%emt 0:02:35]} Kxe6 {[%emt 0:00:34]} 28. Qd4 {[%emt 0:06:36]} Bg5 {[%emt 0:04:16]} 29. cxd5+ {[%emt 0:00:42] Kxd5} 1-0

[Event "23rd European Women Club Cup 2018"]
[Site "Halkidiki"]
[Date "2018.10.13"]
[Round "2"]
[White "Haussernot, Cecile"]
[Black "Klinova, Masha"]
[Result "1-0"]
[WhiteElo "2204"]
[BlackElo "2288"]
[Annotator "NA"]
[PlyCount "65"]
[EventDate "2018.10.12"]
[EventType "team-tourn"]
[EventCountry "GRE"]
[SourceTitle "playchess.com"]
[Source "ChessBase"]
[SourceQuality "1"]
[WhiteTeam "Mulhouse"]
[BlackTeam "Beer Sheva"]
[TimeControl "40/5400+30:1800+30"]

1. e4 {[%emt 0:00:00]} c6 {[%emt 0:00:00]} 2. d4 {[%emt 0:00:00]} d5 {[%emt 0:00:00]} 3. exd5 {[%emt 0:01:06]} cxd5 {[%emt 0:00:00]} 4. Bd3 {[%emt 0:00:06]} Nc6 {[%emt 0:00:57]} 5. c3 {[%emt 0:00:17]} Nf6 {[%emt 0:03:12]} 6. Nf3 {[%emt 0:05:41]} Bg4 {[%emt 0:06:47]} 7. O-O {[%emt 0:00:44]} Bxf3 {[%emt 0:04:04]} 8. Qxf3 {[%emt 0:00:05]} e6 {[%emt 0:00:04]} 9. Qg3 $14 {[%emt 0:18:09]} Bd6 {[%emt 0:29:47]} 10. f4 {[%emt 0:00:25]} O-O {[%emt 0:01:13]} 11. Nd2 {[%emt 0:00:36]} Ne7 {[%emt 0:04:47]} 12. Nf3 {[%emt 0:00:25]} Ng6 {[%emt 0:07:38]} 13. Ne5 {[%emt 0:07:48]} Qc7 {[%emt 0:02:52]} 14. h4 {[%emt 0:09:06]} Rfe8 {[%emt 0:07:02]} 15. Qh3 {[%emt 0:00:34]} Ne4 {[%emt 0:03:36]} 16. h5 {[%emt 0:01:03]} Nf8 {[%emt 0:01:13]} 17. h6 {[%emt 0:06:31]} g6 {[%emt 0:01:18]} 18. Be3 {[%emt 0:07:12]} f6 {[%emt 0:01:41]} 19. Ng4 {[%emt 0:10:34]} Nd7 {[%emt 0:03:06]} 20. Rac1 {[%emt 0:00:57]} f5 {[%emt 0:01:11]} 21. Ne5 {[%emt 0:00:18]} Nxe5 {[%emt 0:02:50]} 22. fxe5 {[%emt 0:00:14]} Bf8 {[%emt 0:02:26]} 23. c4 {[%emt 0:03:54]} Qd7 {[%emt 0:00:04]} 24. g4 {[%emt 0:02:38]} Rac8 {[%emt 0:02:43]} 25. b3 {[%emt 0:02:40]} dxc4 {[%emt 0:01:50]} 26. bxc4 {[%emt 0:01:34]} Kh8 {[%emt 0:00:29]} 27. gxf5 {[%emt 0:02:01]} gxf5 {[%emt 0:00:48]} 28. Bxe4 {[%emt 0:01:49]} fxe4 {[%emt 0:00:06]} 29. Kh1 {[%emt 0:00:08]} Ba3 {[%emt 0:03:30]} 30. Bg5 {[%emt 0:01:50]} Be7 {[%emt 0:00:48]} 31. Rf7 {[%emt 0:00:20]} Qxd4 {[%emt 0:00:58]} 32. Qxe6 {[%emt 0:03:11]} Bxg5 {[%emt 0:00:29]} 33. Qf5 {[%emt 0:00:06]} 1-0

[Event "23rd European Women Club Cup 2018"]
[Site "Halkidiki"]
[Date "2018.10.13"]
[Round "2"]
[White "Vidic, Teja"]
[Black "Zimina, Olga"]
[Result "0-1"]
[WhiteElo "2116"]
[BlackElo "2431"]
[Annotator "NA"]
[PlyCount "66"]
[EventDate "2018.10.12"]
[EventType "team-tourn"]
[EventCountry "GRE"]
[SourceTitle "playchess.com"]
[Source "ChessBase"]
[SourceQuality "1"]
[WhiteTeam "Maribor"]
[BlackTeam "Pentole Agnelli"]
[TimeControl "40/5400+30:1800+30"]

1. e4 {[%emt 0:00:00]} c6 {[%emt 0:00:00]} 2. d4 {[%emt 0:00:00]} d5 {[%emt 0:00:00]} 3. exd5 {[%emt 0:00:00]} cxd5 {[%emt 0:00:00]} 4. c4 {[%emt 0:00:00]} Nf6 {[%emt 0:00:00]} 5. Nc3 {[%emt 0:00:04]} g6 {[%emt 0:00:01]} 6. Qb3 {[%emt 0:00:10]} Bg7 {[%emt 0:00:05]} 7. cxd5 {[%emt 0:00:04]} O-O {[%emt 0:00:06]} 8. Be2 {[%emt 0:00:03]} b6 {[%emt 0:00:05]} 9. Bf3 {[%emt 0:01:42]} Bb7 {[%emt 0:00:16]} 10. Nge2 {[%emt 0:04:43]} Qd7 {[%emt 0:00:34]} 11. O-O {[%emt 0:02:32]} Na6 {[%emt 0:03:02]} 12. a4 {[%emt 0:08:08]} Nc7 {[%emt 0:09:08]} 13. Nf4 {[%emt 0:10:56]} Rab8 {[%emt 0:00:45]} 14. Re1 {[%emt 0:05:57]} Rfd8 {[%emt 0:04:12]} 15. a5 {[%emt 0:07:15]} bxa5 {[%emt 0:14:31]} 16. Qa3 {[%emt 0:00:04]} Bf8 {[%emt 0:00:19]} 17. Qxa5 {[%emt 0:01:41]} Ncxd5 {[%emt 0:07:03]} 18. Nd3 $11 {[%emt 0:10:38]} ({Of course not} 18. Qxa7 Nxc3 19. bxc3 Ra8 $17) 18... Qf5 {[%emt 0:16:30]} 19. Nc5 {[%emt 0:03:42]} Bc6 {[%emt 0:04:39]} 20. Re5 {[%emt 0:04:00]} Qc8 {[%emt 0:00:26]} 21. Na6 {[%emt 0:00:44]} Rb6 {[%emt 0:01:35]} 22. Nxd5 {[%emt 0:09:56]} Bxd5 {[%emt 0:05:44]} 23. Bxd5 {[%emt 0:13:59]} Rxd5 {[%emt 0:10:57]} 24. Nc5 {[%emt 0:02:12]} Rxd4 {[%emt 0:06:48]} 25. Be3 {[%emt 0:01:12]} Rd8 {[%emt 0:00:40]} 26. Rc1 {[%emt 0:04:11]} Ng4 {[%emt 0:02:15]} 27. Re4 {[%emt 0:04:39]} Nxe3 {[%emt 0:00:52]} 28. fxe3 {[%emt 0:00:04]} Rxb2 {[%emt 0:00:48]} 29. Qa1 {[%emt 0:04:22]} Rdd2 {[%emt 0:00:33]} 30. Ne6 {[%emt 0:01:11]} Rxg2+ {[%emt 0:00:34]} 31. Kh1 {[%emt 0:00:11]} Rxh2+ {[%emt 0:02:59]} 32. Kg1 {[%emt 0:00:03]} Rbg2+ {[%emt 0:00:19]} 33. Kf1 {[%emt 0:00:04]} Rc2 {[%emt 0:00:21]} 0-1

[Event "23rd European Women Club Cup 2018"]
[Site "Halkidiki"]
[Date "2018.10.13"]
[Round "2"]
[White "Neuhauser, Salome"]
[Black "Buzukashvili, Sofia"]
[Result "1-0"]
[WhiteElo "2115"]
[BlackElo "1936"]
[Annotator "NA"]
[PlyCount "90"]
[EventDate "2018.10.12"]
[EventType "team-tourn"]
[EventCountry "GRE"]
[SourceTitle "playchess.com"]
[Source "ChessBase"]
[SourceQuality "1"]
[WhiteTeam "Mulhouse"]
[BlackTeam "Beer Sheva"]
[TimeControl "40/5400+30:1800+30"]

1. e4 {[%emt 0:00:00]} c5 {[%emt 0:00:00]} 2. Nf3 {[%emt 0:00:00]} d6 {[%emt 0:00:00]} 3. d4 {[%emt 0:00:16]} cxd4 {[%emt 0:00:01]} 4. Nxd4 {[%emt 0:00:02]} Nf6 {[%emt 0:00:14]} 5. Nc3 {[%emt 0:00:04]} a6 {[%emt 0:00:21]} 6. Be2 {[%emt 0:02:58]} e6 {[%emt 0:01:01]} 7. Be3 {[%emt 0:09:11]} Qc7 {[%emt 0:02:08]} 8. g4 b5 (8... d5 $11 {remains equal.}) 9. g5 {[%emt 0:16:39]} Nfd7 {[%emt 0:10:45]} 10. a3 $14 {[%emt 0:00:19] LiveBook: 23 Games} Nc5 {[%emt 0:03:22]} 11. f4 {[%emt 0:07:11]} Bb7 {[%emt 0:07:28]} 12. Bf3 {[%emt 0:01:27]} Nc6 {[%emt 0:05:00]} 13. Nxc6 {[%emt 0:31:20]} Qxc6 {[%emt 0:07:00]} 14. Qe2 {[%emt 0:03:09]} O-O-O {[%emt 0:04:20]} 15. O-O-O {[%emt 0:00:56]} Kb8 {[%emt 0:05:22]} 16. Rhf1 {[%emt 0:01:33]} Be7 {[%emt 0:02:34]} 17. f5 {[%emt 0:03:12]} e5 {[%emt 0:12:41]} 18. Nd5 {[%emt 0:01:53]} Rhe8 {[%emt 0:06:28]} 19. f6 {[%emt 0:01:28]} gxf6 {[%emt 0:01:02]} 20. gxf6 {[%emt 0:00:01]} Bf8 {[%emt 0:00:07]} 21. Kb1 {[%emt 0:00:29]} a5 {[%emt 0:06:15]} 22. Qg2 {[%emt 0:01:57]} Ba6 {[%emt 0:05:08]} 23. Be2 {[%emt 0:02:48]} Rc8 {[%emt 0:03:28]} 24. Bg4 {[%emt 0:01:28]} Ne6 {[%emt 0:02:35]} 25. Rf2 {[%emt 0:01:09]} Qb7 {[%emt 0:02:49]} 26. Qh3 {[%emt 0:03:41]} Rc4 {[%emt 0:06:06]} 27. Qxh7 {[%emt 0:02:04]} Nc5 {[%emt 0:00:24]} 28. Bxc5 {[%emt 0:02:14]} Rxc5 {[%emt 0:00:36]} 29. Bh5 {[%emt 0:00:26]} Rec8 {[%emt 0:02:27]} 30. Qxf7 {[%emt 0:00:30]} Qc6 {[%emt 0:00:18]} 31. c3 {[%emt 0:00:30]} b4 {[%emt 0:00:38]} 32. axb4 {[%emt 0:00:22]} axb4 {[%emt 0:00:08]} 33. Be2 {[%emt 0:04:37]} Bxe2 34. Rxe2 Qa4 {[%emt 0:02:46]} 35. Rd3 {[%emt 0:01:07]} b3 {[%emt 0:02:12]} 36. Qh5 {[%emt 0:01:39]} Ra5 {[%emt 0:00:56]} 37. Kc1 {[%emt 0:00:17]} Qa1+ {[%emt 0:00:13]} 38. Kd2 {[%emt 0:00:01]} Qxb2+ {[%emt 0:00:42]} 39. Ke1 {[%emt 0:00:03]} Ra1+ {[%emt 0:00:28]} 40. Kf2 {[%emt 0:00:00]} Qc1 {[%emt 0:00:00]} 41. Qg4 {[%emt 0:23:16]} b2 {[%emt 0:05:39]} 42. Ne7 {[%emt 0:06:21]} Bxe7 {[%emt 0:04:47]} 43. fxe7 {[%emt 0:00:01]} Qf1+ {[%emt 0:01:17]} 44. Kg3 {[%emt 0:00:59]} Qf4+ {[%emt 0:00:24]} 45. Qxf4 {[%emt 0:00:17]} exf4+ {[%emt 0:00:05]} 1-0

[Event "23rd European Women Club Cup 2018"]
[Site "Halkidiki"]
[Date "2018.10.13"]
[Round "2"]
[White "Grapsa, Georgia"]
[Black "Batsiashvili, Nino"]
[Result "0-1"]
[WhiteElo "2085"]
[BlackElo "2482"]
[Annotator "TA"]
[PlyCount "70"]
[EventDate "2018.10.12"]
[EventType "team-tourn"]
[EventCountry "GRE"]
[SourceTitle "playchess.com"]
[Source "ChessBase"]
[SourceQuality "1"]
[WhiteTeam "Thessaloniki"]
[BlackTeam "Nona"]

{[%evp 26,70,20,16,62,64,77,-46,0,0,-7,-10,0,-110,-102,-146,-129,-221,-115,-141,-93,-595,-589,-1616,-1513,-1701,-1113,-1097,-1068,-1530,-1508,-1611,-781,-1330,-1267,-1242,-1252,-29973,-29975,-29950,-6279,-29983,-29984,-29992,-29990,-29990,-29991]} 1. d4 Nf6 2. c4 e6 {[%cal Be7e6,Be6e5][%mdl 32]} 3. g3 c5 4. Nf3 cxd4 5. Nxd4 d5 6. Bg2 e5 7. Nf3 d4 8. O-O Nc6 9. e3 Be7 10. exd4 exd4 11. Bf4 O-O 12. Ne5 Qb6 13. Re1 {E01: Catalan: Early deviations} Be6 14. Nd2 {LiveBook: 13 Games} Nxe5 (14... Qxb2 $6 15. Rb1 $16) (14... Rad8 15. Qb3 Qa6 16. Ndf3 d3 17. Rad1 Ng4 18. Rxd3 Rxd3 19. Qxd3 Rd8 20. Qb3 Ncxe5 21. Nxe5 {½-½ (38) Bok,B (2611)-Moiseenko,A (2674) Germany 2018}) 15. Rxe5 {White is slightly better.} a6 16. Ne4 $146 ({White should try} 16. Qb3 $16 Qxb3 17. Nxb3) ({Predecessor:} 16. Qb3 Qa7 17. Qxb7 Ng4 18. Rxe6 fxe6 19. Qc6 e5 20. Qe6+ Rf7 {1-0 (29) Kvisvik,B (2313)-Prieto Aranguren,A (2211) Bilbao 2016}) 16... Nxe4 17. Bxe4 {Hoping for Qh5.} Bf6 18. c5 Qxb2 {[#]} 19. Rb1 (19. Rxe6 $1 $11 {[%mdl 512] remains equal.} fxe6 20. Rb1) 19... Qxa2 $17 20. Rh5 g6 21. Rxb7 (21. Be5 $17 Bxe5 22. Rxe5) 21... Bg7 (21... gxh5 22. Qxh5 h6 23. Qxh6 Qa1+ 24. Kg2 Qf1+ 25. Kxf1 Bc4+ 26. Kg1 Rfc8 27. Qh7+ Kf8 28. Bh6+ Ke8 29. Qg8#) (21... d3 $19 {White must now prevent ...Qe2.} 22. Be5 Qe2 23. Qxd3 Qxh5 24. Bxf6 Qxc5) 22. c6 d3 $36 {[%mdl 2048] [#] Threatens to win with ...Qe2. Black has strong initiative.} 23. Be5 $2 {[%mdl 8192]} (23. Rh4 $17) 23... Qe2 $19 (23... gxh5 24. Qxh5 h6 25. Bxg7 $11) 24. Qa1 Qxe4 25. Bxg7 gxh5 26. Bh6 Qg6 27. Bxf8 Rxf8 28. c7 Bc8 29. Rb8 Qd6 30. Qd1 Qxc7 31. Qxh5 Qc1+ ({Worse is} 31... Qxb8 32. Qg5+ Kh8 33. Qf6+ Kg8 34. Qg5+ Kh8 35. Qf6+ Kg8 36. Qg5+ $11) 32. Kg2 Qc6+ 33. Kg1 h6 {Black mates.} 34. Qa5 Qc1+ 35. Kg2 d2 {Precision: White = 31%, Black = 54%.} 0-1

[Event "23rd European Women Club Cup 2018"]
[Site "Halkidiki"]
[Date "2018.10.13"]
[Round "2"]
[White "Andolfatto, Maria"]
[Black "Semenova, Elena"]
[Result "0-1"]
[WhiteElo "2068"]
[BlackElo "2263"]
[Annotator "ChessBase"]
[PlyCount "118"]
[EventDate "2018.10.12"]
[EventType "team-tourn"]
[EventCountry "GRE"]
[SourceTitle "playchess.com"]
[Source "ChessBase"]
[SourceQuality "1"]
[WhiteTeam "Banca Alpi Marittime"]
[BlackTeam "SSHOR"]
[TimeControl "40/5400+30:1800+30"]

1. Nf3 {[%emt 0:00:00]} d5 {[%emt 0:00:00]} 2. d4 {[%emt 0:00:05]} Nf6 {[%emt 0:00:06]} 3. g3 {[%emt 0:00:16]} e6 {[%emt 0:02:34]} 4. Bg2 {[%emt 0:00:19]} b5 {[%emt 0:04:02]} 5. O-O {[%emt 0:04:09]} Nbd7 {[%emt 0:01:46]} 6. a4 {[%emt 0:03:35]} b4 {[%emt 0:01:30]} 7. a5 {[%emt 0:03:03]} Rb8 {[%emt 0:13:27]} 8. Nbd2 {[%emt 0:07:35]} Be7 {[%emt 0:03:05]} 9. c4 {[%emt 0:06:11]} bxc3 {[%emt 0:01:02]} 10. bxc3 {[%emt 0:00:21]} c5 {[%emt 0:09:04]} 11. c4 {[%emt 0:04:17]} O-O {[%emt 0:03:31]} 12. Ba3 {[%emt 0:04:25]} Ba6 {[%emt 0:07:26]} 13. Qc2 {[%emt 0:03:36]} cxd4 {[%emt 0:06:27]} 14. Nxd4 {[%emt 0:12:30]} Rc8 {[%emt 0:02:08]} 15. Qa4 {[%emt 0:03:37]} Bxa3 {[%emt 0:02:37]} 16. Rxa3 {[%emt 0:01:11]} Nc5 {[%emt 0:03:21]} 17. Qd1 {[%emt 0:01:09]} dxc4 {[%emt 0:07:14]} 18. Nc6 {[%emt 0:06:56]} Rxc6 {[%emt 0:08:02]} 19. Bxc6 {[%emt 0:02:22]} Qd6 {[%emt 0:00:06]} 20. Nxc4 {[%emt 0:06:00]} Qxc6 {[%emt 0:00:33]} 21. Qd4 {[%emt 0:02:13]} Ncd7 {[%emt 0:05:59]} 22. Ne5 {[%emt 0:03:06]} Nxe5 {[%emt 0:01:04]} 23. Qxe5 {[%emt 0:00:11]} Bb7 {[%emt 0:03:18]} 24. f3 {[%emt 0:00:39]} Nd5 {[%emt 0:01:05]} 25. Raa1 {[%emt 0:02:08]} Qc3 {[%emt 0:04:49]} 26. Qxc3 {[%emt 0:09:27]} Nxc3 {[%emt 0:00:03]} 27. a6 {[%emt 0:01:49]} Bc6 {[%emt 0:02:52]} 28. Kf2 {[%emt 0:03:10]} Bb5 {[%emt 0:01:17]} 29. Rfe1 {[%emt 0:00:42]} Rd8 {[%emt 0:01:42]} 30. Rac1 {[%emt 0:02:01]} Nd5 {[%emt 0:00:57]} 31. Red1 {[%emt 0:01:07]} Ra8 {[%emt 0:00:29]} 32. e4 {[%emt 0:03:03]} Nb6 {[%emt 0:00:30]} 33. Rc7 {[%emt 0:01:26]} Kf8 {[%emt 0:00:17]} 34. Ra1 {[%emt 0:00:24]} Ke8 {[%emt 0:01:05]} 35. Ra5 {[%emt 0:00:32]} Bd7 {[%emt 0:00:37]} 36. Rac5 {[%emt 0:02:41]} Bc8 {[%emt 0:02:29]} 37. Ra5 {[%emt 0:00:50]} Nd7 {[%emt 0:00:47]} 38. Ke3 {[%emt 0:00:51]} Kd8 {[%emt 0:00:12]} 39. Rc3 {[%emt 0:00:18]} Rb8 {[%emt 0:00:23]} 40. h4 {[%emt 0:00:00]} Rb6 {[%emt 0:00:00]} 41. Kd4 {[%emt 0:07:20]} Rd6+ {[%emt 0:04:59]} 42. Ke3 {[%emt 0:00:38]} Nb8 {[%emt 0:07:43]} 43. Rb3 {[%emt 0:09:33]} Kc7 {[%emt 0:03:23]} 44. Rc5+ {[%emt 0:03:26]} Rc6 {[%emt 0:00:40]} 45. Rcb5 {[%emt 0:00:40]} Nxa6 {[%emt 0:00:37]} 46. Kd4 {[%emt 0:00:13]} Rd6+ {[%emt 0:01:01]} 47. Ke3 {[%emt 0:00:53]} Rb6 {[%emt 0:00:38]} 48. Rc3+ {[%emt 0:00:38]} Rc6 {[%emt 0:00:41]} 49. Ra3 {[%emt 0:00:46]} Rb6 {[%emt 0:03:29]} 50. Rba5 {[%emt 0:02:38]} Kc6 {[%emt 0:03:31]} 51. Rc3+ {[%emt 0:00:38]} Kb7 {[%emt 0:00:32]} 52. Rca3 {[%emt 0:00:22]} Kb8 {[%emt 0:01:03]} 53. R3a4 {[%emt 0:03:04]} Bb7 {[%emt 0:00:40]} 54. Rd4 {[%emt 0:01:20]} Kc7 {[%emt 0:00:57]} 55. Rda4 {[%emt 0:01:05]} Rb3+ {[%emt 0:01:42]} 56. Kf4 {[%emt 0:00:53]} Kb6 {[%emt 0:01:55]} 57. Ra1 {[%emt 0:02:14]} f6 {[%emt 0:00:16]} 58. Rh5 {[%emt 0:01:25]} e5+ {[%emt 0:00:20]} 59. Kg4 {[%emt 0:00:32]} Bc8+ {[%emt 0:00:04]} 0-1